01462 a2200181 4500003000500000005001700005040000900022082001400031100003600045245005000081260002300131300001000154505091900164650003201083942002301115999001901138952012301157Nust20230406102734.0 cNust a954.1,KHA aKhaliquzzaman, Choudhry9111760 aPathway To Pakistan / cChoudhry Khaliquzzman apakistanbLongmans a432:p aMy Family (Page-1), Early Years in Luck now 1889-1907 (Page-5), Aligarh (Page-14), Balkan war and Medical Mission 1912-1913 (Page-20), Political Debut and First World War 1914-1916 (Page-28), Muslim League (Page-36) Khilafat and Congress (Page-51), Repression and Imprisonment (Page-60), The Simon Commission and All – Parties Conferences (Page-92), Communal Award and Unity Board 1933-34 (Page-117), The Congress-League Rift Widens 1937-38 (Page-169), Factional Disputes and the Second World War 1939 (Page-212), The Lahore Resolution 1940 (Page-230), The War Effort Controversy 1940-41 (Page-241), The Quit India Movement 1942-43 (Page-282), The Rajaji Formula 1944 (Page-308), The Election and Convention 1946 (Page-332), The Cabinet Mission Plan 1946 (Page-346), The Interim Government1946 (Page-363), Independence and Partition 1947 (Page-375), India in Ferment 1947 (Page-387), To Pakistan 1947 (Page-401). aPathway To Pakistan9111761 2ddccBKk954.1,KHA c187410d187410 00102ddc4070aMCSbMCScGENd2016-12-12o954.1,KHApMCS29520r2016-12-08w2016-12-12yBKzAlmirah No.75, Shelf No.7